| 000 | 00630nam a2200193Ia 4500 | ||
|---|---|---|---|
| 008 | 151121s9999||||xx |||||||||||||| ||und|| | ||
| 082 | _a813/मराठे | ||
| 082 | _bHNW-42884 | ||
| 100 | _aमराठे प्र। द। | ||
| 245 | _aआणि आकाश पेटले | ||
| 260 | _b"सरिता प्रकाशन, पुणे।" | ||
| 260 | _c-- | ||
| 300 | _a185 | ||
| 600 | _aमराठे प्र। द। | ||
| 630 | _aआणि आकाश पेटले | ||
| 700 | _aमराठे प्र। द। | ||
| 730 | _aआणि आकाश पेटले | ||
| 942 | _cBOOK | ||
| 999 |
_c1231290 _d1231287 |
||